Dane: štát škrtí samosprávu

Rozdeľovanie daní, ktoré vyberie štát. Nespokojnosť obcí a miest s rozdeľovaním daní. Rozpočty miest a obcí.

Enregistré dans:
Détails bibliographiques
Auteur principal: Rundesová, Táňa
Format: Chapitre de livre
Langue:slovaque
Sujets:
Tags: Ajouter un tag
Pas de tags, Soyez le premier à ajouter un tag!

MARC

LEADER 00000naa a2200000 4500
001 r048808
005 20230908082738.9
041 0 |a slo 
044 |a SK 
245 1 0 |a Dane: štát škrtí samosprávu  |c Táňa Rundesová 
520 |a Rozdeľovanie daní, ktoré vyberie štát. Nespokojnosť obcí a miest s rozdeľovaním daní. Rozpočty miest a obcí. 
610 2 0 |a dane 
610 2 0 |a rozdeľovanie 
610 2 0 |a štát 
610 2 0 |a obce 
610 2 0 |a mestá 
610 2 0 |a rozpočet miestny 
100 1 |a Rundesová, Táňa